[Event "FBL 1"]
[Site "?"]
[Date "2016.10.22"]
[Round "1.1"]
[White "Hapala, Lisa"]
[Black "Zatonskih, Anna"]
[Result "0-1"]
[WhiteElo "2095"]
[BlackElo "2449"]
[PlyCount "114"]
[EventDate "2016.10.22"]
[EventType "team-tourn"]
[EventCountry "GER"]
[WhiteTeam "Augsburg SG"]
[BlackTeam "Baden Baden OSG"]
[WhiteTeamCountry "GER"]
[BlackTeamCountry "GER"]

1. e4 e6 2. d4 d5 3. Nd2 c5 4. exd5 exd5 5. Ngf3 c4 6. Be2 Nf6 7. O-O Bd6 8. b3
cxb3 9. axb3 O-O 10. Re1 Nc6 11. Nf1 Ne4 12. Bd3 Bb4 13. Bxe4 Bxe1 14. Bxh7+
Kxh7 15. Ng5+ Kg8 16. Qxe1 Nxd4 17. Qd2 Ne6 18. Nxe6 Bxe6 19. Bb2 a6 20. Ng3 f6
21. Ra4 Rc8 22. Bd4 Qe8 23. Ra1 Qg6 24. c3 Rfe8 25. b4 Bf7 26. f3 Rc6 27. Re1
Rxe1+ 28. Qxe1 Re6 29. Qd2 Qb1+ 30. Kf2 Bg6 31. Ne2 Qc2 32. Qxc2 Bxc2 33. Nf4
Rd6 34. Bc5 Rd7 35. Ke3 Kf7 36. Kd4 g5 37. Ne2 Bb3 38. Ng3 Ke6 39. Nf1 Rh7 40.
h3 Bc4 41. Nd2 Rc7 42. Ke3 Rc6 43. Bd4 b6 44. f4 gxf4+ 45. Kxf4 a5 46. bxa5
bxa5 47. Nb1 Bf1 48. Kf3 Rc8 49. Kf2 Bd3 50. Na3 Rb8 51. Ke3 Be4 52. Bc5 Bxg2
53. h4 Be4 54. Kd4 Rh8 55. c4 Rxh4 56. cxd5+ Bxd5+ 57. Ke3 f5 0-1

[Event "FBL 1"]
[Site "?"]
[Date "2016.10.22"]
[Round "1.2"]
[White "Kachiani Gersinska, Ketino"]
[Black "Birkholz, Olga"]
[Result "1-0"]
[WhiteElo "2334"]
[BlackElo "2064"]
[PlyCount "95"]
[EventDate "2016.10.22"]
[EventType "team-tourn"]
[EventCountry "GER"]
[WhiteTeam "Baden Baden OSG"]
[BlackTeam "Augsburg SG"]
[WhiteTeamCountry "GER"]
[BlackTeamCountry "GER"]

1. Nf3 d6 2. d4 g6 3. g3 Bg7 4. Bg2 f5 5. Nc3 Nf6 6. O-O O-O 7. Bg5 Qe8 8. Bxf6
Bxf6 9. Nd5 Na6 10. Nxf6+ Rxf6 11. Re1 Rb8 12. c3 c6 13. e4 fxe4 14. Rxe4 Bf5
15. Qb3+ Kg7 16. Re3 Nc7 17. Ng5 h6 18. Rae1 e6 19. Ne4 Bxe4 20. Rxe4 Qf8 21.
R4e2 d5 22. Bh3 Qd6 23. f4 b6 24. Qc2 c5 25. Qd2 b5 26. dxc5 Qxc5+ 27. Qd4
Qxd4+ 28. cxd4 Rb6 29. Rc1 Na6 30. Rc8 Nb4 31. Ra8 Rb7 32. Bxe6 a6 33. a3 Re7
34. Bg4 Rxe2 35. Bxe2 Nc2 36. Rd8 Nxd4 37. Bd1 Re6 38. Kf2 Nf5 39. Rxd5 Rd6 40.
Rxd6 Nxd6 41. Bb3 Kf6 42. Ke3 Nf5+ 43. Ke4 Ke7 44. g4 Nd6+ 45. Ke5 a5 46. Bd5
a4 47. f5 gxf5 48. gxf5 1-0

[Event "FBL 1"]
[Site "?"]
[Date "2016.10.22"]
[Round "1.3"]
[White "Horvath, Maria"]
[Black "Kovalevskaya, Ekaterina"]
[Result "0-1"]
[WhiteElo "1978"]
[BlackElo "2437"]
[PlyCount "48"]
[EventDate "2016.10.22"]
[EventType "team-tourn"]
[EventCountry "GER"]
[WhiteTeam "Augsburg SG"]
[BlackTeam "Baden Baden OSG"]
[WhiteTeamCountry "GER"]
[BlackTeamCountry "GER"]

1. d4 Nf6 2. c4 c5 3. d5 b5 4. cxb5 a6 5. bxa6 g6 6. Nc3 Bg7 7. e4 O-O 8. Nf3
Qa5 9. Bd3 Nxd5 10. exd5 Bxc3+ 11. Bd2 Bxd2+ 12. Qxd2 Qxd2+ 13. Nxd2 Bxa6 14.
Nc4 d6 15. O-O Nd7 16. Rfe1 Rfe8 17. Rad1 Kf8 18. f4 Reb8 19. Rd2 Nf6 20. Bf1
Bb7 21. Nb6 Rxa2 22. Bc4 Ra7 23. b3 Ba6 24. Ra2 Rxb6 0-1

[Event "FBL 1"]
[Site "?"]
[Date "2016.10.22"]
[Round "1.4"]
[White "Arakhamia Grant, Ketevan"]
[Black "Woniak, Katarzyna"]
[Result "1-0"]
[WhiteElo "2381"]
[BlackElo "1940"]
[PlyCount "55"]
[EventDate "2016.10.22"]
[EventType "team-tourn"]
[EventCountry "GER"]
[WhiteTeam "Baden Baden OSG"]
[BlackTeam "Augsburg SG"]
[WhiteTeamCountry "GER"]
[BlackTeamCountry "GER"]

1. e4 d6 2. d4 g6 3. Nc3 Bg7 4. Be3 c6 5. Qd2 Qc7 6. Nf3 Nd7 7. a4 Ndf6 8. h3
e5 9. dxe5 dxe5 10. Rd1 Nh5 11. Bc4 Nf4 12. Bxf4 exf4 13. O-O h6 14. e5 g5 15.
Ne4 Be6 16. Bxe6 fxe6 17. Qb4 Ne7 18. Nd6+ Kf8 19. Nd4 Qb6 20. Nxe6+ Kg8 21.
Qc4 Nd5 22. Rxd5 cxd5 23. Qxd5 Qc6 24. Qb3 Qb6 25. Qa2 Kh7 26. Nxg7 Rhf8 27.
Ne6 Rg8 28. Ne4 1-0

[Event "FBL 1"]
[Site "?"]
[Date "2016.10.22"]
[Round "1.5"]
[White "Amelang, Astrid"]
[Black "Tammert, Iamze"]
[Result "1/2-1/2"]
[WhiteElo "2112"]
[BlackElo "2293"]
[PlyCount "120"]
[EventDate "2016.10.22"]
[EventType "team-tourn"]
[EventCountry "GER"]
[WhiteTeam "Augsburg SG"]
[BlackTeam "Baden Baden OSG"]
[WhiteTeamCountry "GER"]
[BlackTeamCountry "GER"]

1. f4 d5 2. Nf3 Nf6 3. e3 g6 4. Be2 Bg7 5. O-O c5 6. d3 Nc6 7. Qe1 Qc7 8. Nc3
O-O 9. e4 d4 10. Nb5 Qd8 11. h3 a6 12. Na3 b5 13. g4 Ne8 14. Qh4 Nc7 15. Ng5 h6
16. Nf3 e6 17. Qg3 Kh7 18. h4 f5 19. h5 fxg4 20. hxg6+ Kxg6 21. Qxg4+ Kh7 22.
Kf2 Qf6 23. Rh1 Bd7 24. Bd2 Kg8 25. Rag1 Kf7 26. Qh5+ Ke7 27. Qxc5+ Kd8 28. Rg2
Rf7 29. Rhg1 e5 30. f5 Bf8 31. Rg8 Be8 32. Rxf8 Rxf8 33. Rh1 Rh8 34. Rxh6 Qf8
35. Qxf8 Rxf8 36. Bg5+ Kc8 37. Bf6 Kb7 38. Bxe5 Nxe5 39. Nxe5 Bf7 40. Nc6 Bxa2
41. Nxd4 Rh8 42. Rxh8 Rxh8 43. b3 Kb6 44. c4 b4 45. Nac2 a5 46. Ke3 Kc5 47. f6
a4 48. Na1 Rh3+ 49. Bf3 Rxf3+ 50. Nxf3 axb3 51. Nxb3+ Bxb3 52. Nd4 Bxc4 53.
dxc4 Kd6 54. e5+ Kd7 55. Kd2 Na6 56. f7 Ke7 57. e6 Nc5 58. Nc6+ Kf8 59. Nd4 Ke7
60. Nc6+ Kf8 1/2-1/2

[Event "FBL 1"]
[Site "?"]
[Date "2016.10.22"]
[Round "1.6"]
[White "Haussernot, Cecile"]
[Black "Braun, Kristin"]
[Result "1-0"]
[WhiteElo "2099"]
[BlackElo "1837"]
[PlyCount "53"]
[EventDate "2016.10.22"]
[EventType "team-tourn"]
[EventCountry "GER"]
[WhiteTeam "Baden Baden OSG"]
[BlackTeam "Augsburg SG"]
[WhiteTeamCountry "GER"]
[BlackTeamCountry "GER"]

1. e4 c5 2. Nf3 d6 3. d4 cxd4 4. Nxd4 Nf6 5. Nc3 g6 6. Be2 Bg7 7. Be3 O-O 8.
Qd2 Nc6 9. O-O-O d5 10. Nxc6 bxc6 11. exd5 Nxd5 12. Nxd5 cxd5 13. Qxd5 Qc7 14.
Qxa8 Bf5 15. Qxf8+ Kxf8 16. Bd3 Qb8 17. c3 Be6 18. Bb1 Qc7 19. Rd2 Bxc3 20. Rc2
Bxb2+ 21. Kxb2 Qb7+ 22. Ka1 Qxg2 23. Bh6+ Ke8 24. Rd1 g5 25. Rcd2 f6 26. Rd8+
Kf7 27. Rf8# 1-0

[Event "FBL 1"]
[Site "?"]
[Date "2016.10.22"]
[Round "1.1"]
[White "Naiditsch, Yuliya"]
[Black "Paehtz, Elisabeth"]
[Result "0-1"]
[WhiteElo "2415"]
[BlackElo "2476"]
[PlyCount "166"]
[EventDate "2016.10.22"]
[EventType "team-tourn"]
[EventCountry "GER"]
[WhiteTeam "Deizisau SF"]
[BlackTeam "Hamburger SK"]
[WhiteTeamCountry "GER"]
[BlackTeamCountry "GER"]

1. e4 c6 2. Nf3 d5 3. Nc3 Nf6 4. e5 Ne4 5. Ne2 Qb6 6. d4 e6 7. Nfg1 f6 8. f3
Ng5 9. exf6 gxf6 10. f4 Nf7 11. Nf3 Be7 12. Ng3 Nd7 13. Nh5 Rg8 14. Bd3 Nf8 15.
Qe2 Bd7 16. f5 O-O-O 17. Bf4 Re8 18. O-O-O exf5 19. c3 Ng6 20. Qc2 Nxf4 21.
Nxf4 Nd6 22. Nh4 Ne4 23. Rdf1 Bf8 24. Kb1 Bh6 25. g3 Re7 26. Ka1 Rge8 27. Nfg2
f4 28. Nxf4 Bxf4 29. gxf4 Qc7 30. Qg2 Qd6 31. Rhg1 a5 32. Bc2 Kb8 33. Bd1 c5
34. Bh5 Rc8 35. Nf3 a4 36. dxc5 Qxc5 37. Nd4 a3 38. Rc1 axb2+ 39. Qxb2 Nxc3 40.
Nb3 Qb6 41. Rh1 Re3 42. Rhg1 Bf5 43. Bg4 Bxg4 44. Rxg4 Re2 45. Rc2 Rxc2 46.
Qxc2 Na4 47. Qd2 f5 48. Rg2 Qf6+ 49. Kb1 Qe6 50. Rg1 Qe4+ 51. Ka1 Qc2 52. Rd1
Rc4 53. Qxc2 Rxc2 54. Rd2 Rxd2 55. Nxd2 Nc3 56. Nf3 Ne2 57. Nh4 Nxf4 58. Nxf5
Kc7 59. Kb2 Kc6 60. Kc3 Ne6 61. h4 Kc5 62. Ne7 d4+ 63. Kd3 Kd6 64. Nc8+ Ke5 65.
Nb6 Nf4+ 66. Kd2 h5 67. Nd7+ Kf5 68. a4 Kg4 69. Ne5+ Kxh4 70. Nf3+ Kg4 71. Nxd4
h4 72. Ke3 h3 73. Nf3 Kg3 74. a5 Nd5+ 75. Ke2 Ne7 76. Nd2 Kg2 77. Nf1 Nc6 78.
Ne3+ Kg1 79. Ng4 h2 80. Nxh2 Kxh2 81. Kd3 Nxa5 82. Kd4 Nc6+ 83. Kc5 Nd8 0-1

[Event "FBL 1"]
[Site "?"]
[Date "2016.10.22"]
[Round "1.2"]
[White "Socko, Monika"]
[Black "Schleining, Zoya"]
[Result "1-0"]
[WhiteElo "2454"]
[BlackElo "2349"]
[PlyCount "85"]
[EventDate "2016.10.22"]
[EventType "team-tourn"]
[EventCountry "GER"]
[WhiteTeam "Hamburger SK"]
[BlackTeam "Deizisau SF"]
[WhiteTeamCountry "GER"]
[BlackTeamCountry "GER"]

1. d4 Nf6 2. c4 e6 3. Nc3 Bb4 4. e3 O-O 5. Nge2 d5 6. a3 Be7 7. cxd5 exd5 8.
Ng3 Re8 9. Be2 Bd6 10. O-O c6 11. Bd2 Nbd7 12. b4 a5 13. b5 c5 14. Bf3 Nb6 15.
dxc5 Bxc5 16. Na4 Nxa4 17. Qxa4 Be6 18. Bc3 Qe7 19. Qf4 a4 20. Rfd1 Red8 21.
Nf5 Bxf5 22. Qxf5 Qe6 23. Qg5 h6 24. Qh4 Ne4 25. Bd4 Bxd4 26. Rxd4 f5 27. Bxe4
fxe4 28. Rad1 Rd6 29. Qh5 Rad8 30. Rxa4 Qd7 31. Rb4 Qc7 32. Rbd4 Qc2 33. h3 Qa2
34. a4 Kh7 35. R1d2 Qb3 36. Qe5 Kh8 37. Kh2 R6d7 38. Rxe4 dxe4 39. Rxd7 Rxd7
40. Qe8+ Kh7 41. Qxd7 Qxa4 42. Qxb7 Qc2 43. b6 1-0

[Event "FBL 1"]
[Site "?"]
[Date "2016.10.22"]
[Round "1.4"]
[White "Baciu, Diana"]
[Black "Klek, Hanna Marie"]
[Result "0-1"]
[WhiteElo "2279"]
[BlackElo "2335"]
[PlyCount "90"]
[EventDate "2016.10.22"]
[EventType "team-tourn"]
[EventCountry "GER"]
[WhiteTeam "Hamburger SK"]
[BlackTeam "Deizisau SF"]
[WhiteTeamCountry "GER"]
[BlackTeamCountry "GER"]

1. e4 e5 2. Nf3 Nc6 3. Bc4 Bc5 4. c3 Nf6 5. d3 O-O 6. Nbd2 d5 7. exd5 Nxd5 8.
O-O Nb6 9. b4 Bd6 10. Bb3 Bg4 11. h3 Bh5 12. Ne4 Kh8 13. Re1 a6 14. a4 Be7 15.
Bb2 f6 16. Ng3 Bf7 17. Bc2 Re8 18. a5 Nc8 19. Nh4 Bf8 20. Qf3 N8e7 21. Rad1 Qd7
22. Ne4 Ng6 23. Nxg6+ Bxg6 24. h4 Bf5 25. Qe3 Qf7 26. Ng3 Be6 27. h5 f5 28. Qf3
e4 29. dxe4 Ne5 30. Qf4 Bd6 31. Qh4 f4 32. Nf5 Bxf5 33. exf5 Qa2 34. Rb1 Nf7
35. Rxe8+ Rxe8 36. f6 f3 37. fxg7+ Kg8 38. gxf3 Re2 39. Bxh7+ Kxh7 40. g8=Q+
Kxg8 41. Qg4+ Kf8 42. Qc8+ Ke7 43. Rd1 Qxb2 44. Qxb7 Qxc3 45. b5 Qc5 0-1

[Event "FBL 1"]
[Site "?"]
[Date "2016.10.22"]
[Round "1.5"]
[White "Jelica, Mara"]
[Black "Zahn, Alina"]
[Result "0-1"]
[WhiteElo "2099"]
[BlackElo "1998"]
[PlyCount "84"]
[EventDate "2016.10.22"]
[EventType "team-tourn"]
[EventCountry "GER"]
[WhiteTeam "Deizisau SF"]
[BlackTeam "Hamburger SK"]
[WhiteTeamCountry "GER"]
[BlackTeamCountry "GER"]

1. e4 e5 2. f4 exf4 3. Nf3 Ne7 4. d4 d5 5. Bd3 Ng6 6. exd5 Qxd5 7. O-O Bf5 8.
Nc3 Qd7 9. Qe2+ Be7 10. Bxf5 Qxf5 11. Ne5 Nxe5 12. Rxf4 Qe6 13. dxe5 Nc6 14.
Re4 O-O-O 15. Be3 Bb4 16. Nb5 Ba5 17. b4 f5 18. bxa5 fxe4 19. Nxa7+ Nxa7 20.
Bxa7 Qxe5 21. Qg4+ Rd7 22. Rd1 Rhd8 23. Bf2 h5 24. Qh3 g5 25. Re1 g4 26. Qe3
Rd1 27. c3 Rxe1+ 28. Bxe1 Qe6 29. Qe2 e3 30. c4 Qe4 31. h3 gxh3 32. gxh3 Rg8+
33. Kh2 Qf4+ 34. Kh1 Qg5 35. Qf1 Kb8 36. Kh2 Qe5+ 37. Kh1 Qe4+ 38. Kh2 e2 39.
Qf2 Qxc4 40. Qe3 Qb5 41. Bf2 Qa6 42. Bg3 Qg6 0-1

[Event "FBL 1"]
[Site "?"]
[Date "2016.10.22"]
[Round "1.6"]
[White "Scognamiglio, Stefanie"]
[Black "Lauterbach, Ingrid"]
[Result "1/2-1/2"]
[WhiteElo "2080"]
[BlackElo "2104"]
[PlyCount "65"]
[EventDate "2016.10.22"]
[EventType "team-tourn"]
[EventCountry "GER"]
[WhiteTeam "Hamburger SK"]
[BlackTeam "Deizisau SF"]
[WhiteTeamCountry "GER"]
[BlackTeamCountry "GER"]

1. e4 g6 2. d4 Bg7 3. Nf3 d6 4. Bc4 e6 5. O-O Ne7 6. Bb3 O-O 7. Re1 Nd7 8. Bf4
h6 9. h3 d5 10. exd5 Nxd5 11. Bd2 a5 12. c4 Nb4 13. Bc3 c5 14. a3 cxd4 15. Bxd4
Nc6 16. Bxg7 Kxg7 17. Nc3 Nc5 18. Bc2 Qb6 19. Nb5 Rd8 20. Qe2 f6 21. Rad1 e5
22. Rxd8 Qxd8 23. Rd1 Qe7 24. Nh4 f5 25. Nxg6 Kxg6 26. Rd6+ Be6 27. Qg4+ Kf7
28. Bxf5 Rg8 29. Qh5+ Kf6 30. Qxh6+ Kf7 31. Qh5+ Kf6 32. Qh6+ Kf7 33. Qh5+
1/2-1/2

[Event "FBL 1"]
[Site "?"]
[Date "2016.10.22"]
[Round "1.1"]
[White "Majdan Gajewska, Joanna"]
[Black "Richterova, Natasa"]
[Result "1/2-1/2"]
[WhiteElo "2362"]
[BlackElo "2167"]
[PlyCount "95"]
[EventDate "2016.10.22"]
[EventType "team-tourn"]
[EventCountry "GER"]
[WhiteTeam "Rodewischer Schachmiezen"]
[BlackTeam "Erfurt SV Medizin"]
[WhiteTeamCountry "GER"]
[BlackTeamCountry "GER"]

1. e4 d6 2. d4 Nf6 3. Nc3 Nbd7 4. Nf3 e5 5. Bc4 Be7 6. O-O O-O 7. Re1 c6 8. a4
a5 9. Ba2 Qb6 10. h3 h6 11. Be3 Qc7 12. Nh4 Re8 13. Nf5 Bf8 14. Qf3 exd4 15.
Bxd4 Ne5 16. Nxh6+ gxh6 17. Qxf6 Bg7 18. Qf4 Be6 19. Bxe5 dxe5 20. Qe3 Rad8 21.
Bxe6 Rxe6 22. Ne2 Kh7 23. Ng3 Red6 24. Nf5 Rd2 25. Rac1 b5 26. axb5 cxb5 27.
Re2 R2d7 28. Qg3 Rg8 29. Qh4 Qc5 30. Re3 Bf8 31. Rc3 Qb4 32. Rb1 Rg6 33. Rc8
Bg7 34. c3 Qa4 35. Nxg7 Kxg7 36. Re1 Qc2 37. Qh5 Rg5 38. Qe2 Qxe2 39. Rxe2 b4
40. Ra8 bxc3 41. bxc3 Rc7 42. Re3 Rc5 43. Rd3 Rg6 44. Ra7 Rf6 45. Rg3+ Rg6 46.
Rd3 Rf6 47. Rg3+ Rg6 48. Rd3 1/2-1/2

[Event "FBL 1"]
[Site "?"]
[Date "2016.10.22"]
[Round "1.2"]
[White "Troyke, Doreen"]
[Black "Kochetkova, Julia"]
[Result "0-1"]
[WhiteElo "2105"]
[BlackElo "2322"]
[PlyCount "70"]
[EventDate "2016.10.22"]
[EventType "team-tourn"]
[EventCountry "GER"]
[WhiteTeam "Erfurt SV Medizin"]
[BlackTeam "Rodewischer Schachmiezen"]
[WhiteTeamCountry "GER"]
[BlackTeamCountry "GER"]

1. c4 e5 2. g3 Nc6 3. Bg2 Bc5 4. Nc3 Nf6 5. e3 a6 6. Nge2 d6 7. d4 Ba7 8. h3
O-O 9. O-O h6 10. b3 Bd7 11. Bb2 Ne7 12. Qd2 Qc8 13. Kh2 c6 14. Ba3 exd4 15.
exd4 Qc7 16. Qf4 Bb8 17. Rad1 b5 18. Qc1 Qb7 19. Bb2 d5 20. cxd5 Nexd5 21. Nxd5
cxd5 22. Nf4 Bd6 23. Nd3 Bf5 24. Nc5 Qb6 25. Kg1 Rac8 26. Qd2 Rfd8 27. Rc1 Nh7
28. g4 Bg6 29. Bxd5 Nf6 30. Bg2 Bc7 31. Rce1 Qxc5 32. dxc5 Rxd2 33. Bxf6 gxf6
34. Re7 Be5 35. Bb7 Rxc5 0-1

[Event "FBL 1"]
[Site "?"]
[Date "2016.10.22"]
[Round "1.3"]
[White "Theissl Pokorna, Regina"]
[Black "Mueller Ludwig, Kristin"]
[Result "1-0"]
[WhiteElo "2331"]
[BlackElo "2078"]
[PlyCount "49"]
[EventDate "2016.10.22"]
[EventType "team-tourn"]
[EventCountry "GER"]
[WhiteTeam "Rodewischer Schachmiezen"]
[BlackTeam "Erfurt SV Medizin"]
[WhiteTeamCountry "GER"]
[BlackTeamCountry "GER"]

1. e4 e6 2. d4 d5 3. e5 c5 4. c3 Nc6 5. Nf3 Qb6 6. Be2 Bd7 7. h4 cxd4 8. cxd4
Bb4+ 9. Kf1 Rc8 10. a3 Qa5 11. Nbd2 Bxd2 12. Bxd2 Qb6 13. b4 Nge7 14. Rc1 O-O
15. Rc5 Nb8 16. Bd3 Ng6 17. Ng5 Rxc5 18. dxc5 Qc7 19. Qh5 h6 20. Nxf7 Rxf7 21.
Bxg6 Bb5+ 22. Kg1 Rf8 23. Rh3 Nc6 24. Rg3 Qxe5 25. Bxh6 1-0

[Event "FBL 1"]
[Site "?"]
[Date "2016.10.22"]
[Round "1.4"]
[White "Anisheva, Varvara"]
[Black "Lubbe, Melanie"]
[Result "0-1"]
[WhiteElo "2132"]
[BlackElo "2353"]
[PlyCount "86"]
[EventDate "2016.10.22"]
[EventType "team-tourn"]
[EventCountry "GER"]
[WhiteTeam "Erfurt SV Medizin"]
[BlackTeam "Rodewischer Schachmiezen"]
[WhiteTeamCountry "GER"]
[BlackTeamCountry "GER"]

1. Nf3 Nf6 2. g3 g6 3. Bg2 Bg7 4. O-O O-O 5. d3 d5 6. c3 c5 7. Nbd2 Nc6 8. e4
d4 9. Nb3 dxc3 10. Nxc5 Nxe4 11. dxe4 Qxd1 12. Rxd1 cxb2 13. Bxb2 Bxb2 14. Rab1
Ba3 15. Nd7 Rd8 16. Nde5 Rxd1+ 17. Rxd1 Be6 18. Nxc6 bxc6 19. Ng5 Bc4 20. e5
Rc8 21. Bh3 Rb8 22. Bg2 c5 23. Be4 Bxa2 24. Ra1 Rb2 25. Nxf7 Bxf7 26. Rxa3 Ra2
27. Rd3 a5 28. Bc6 Be6 29. Rc3 a4 30. Rxc5 a3 31. Bd5 Bxd5 32. Rxd5 Rb2 33. Ra5
a2 34. Kg2 Kf7 35. g4 Ke6 36. Kg3 Kd7 37. f4 e6 38. h3 Kc6 39. Kh4 h6 40. Kg3
Kb6 41. Ra8 Kc5 42. h4 Kb4 43. f5 Rb3+ 0-1

[Event "FBL 1"]
[Site "?"]
[Date "2016.10.22"]
[Round "1.5"]
[White "Korenova, Martina"]
[Black "von der  Weth von Nordheim, Petra"]
[Result "1-0"]
[WhiteElo "2144"]
[BlackElo "1985"]
[PlyCount "69"]
[EventDate "2016.10.22"]
[EventType "team-tourn"]
[EventCountry "GER"]
[WhiteTeam "Rodewischer Schachmiezen"]
[BlackTeam "Erfurt SV Medizin"]
[WhiteTeamCountry "GER"]
[BlackTeamCountry "GER"]

1. Nf3 d5 2. d4 e6 3. g3 Nf6 4. Bg2 Bd6 5. O-O h6 6. c4 c6 7. Nc3 Nbd7 8. Nd2
Bc7 9. e4 dxe4 10. Ndxe4 e5 11. c5 Nxe4 12. Nxe4 Nf6 13. Nd6+ Bxd6 14. cxd6 e4
15. Bf4 Nd5 16. Be5 Bf5 17. Bxg7 Rg8 18. Bxe4 Bxe4 19. Qg4 Nf6 20. Bxf6 Rxg4
21. Bxd8 Rxd8 22. f3 Bxf3 23. Rxf3 Rxd4 24. Re1+ Kf8 25. Re7 R4xd6 26. Rfxf7+
Kg8 27. Rg7+ Kf8 28. Ref7+ Ke8 29. Rxb7 Rd1+ 30. Kg2 R1d2+ 31. Kh3 Kf8 32.
Rbf7+ Ke8 33. Rxa7 Kf8 34. Raf7+ Ke8 35. Rb7 1-0

[Event "FBL 1"]
[Site "?"]
[Date "2016.10.22"]
[Round "1.6"]
[White "Kube, Hannelore"]
[Black "Steinbacher, Claudia"]
[Result "1/2-1/2"]
[WhiteElo "1923"]
[BlackElo "2068"]
[PlyCount "85"]
[EventDate "2016.10.22"]
[EventType "team-tourn"]
[EventCountry "GER"]
[WhiteTeam "Erfurt SV Medizin"]
[BlackTeam "Rodewischer Schachmiezen"]
[WhiteTeamCountry "GER"]
[BlackTeamCountry "GER"]

1. c4 c5 2. Nc3 Nc6 3. g3 g6 4. Bg2 Bg7 5. e4 d6 6. d3 Nf6 7. Nge2 Bg4 8. h3
Bxe2 9. Nxe2 Nd7 10. O-O O-O 11. Be3 Qc7 12. Qd2 Rfe8 13. f4 e6 14. Rab1 Rad8
15. Rfc1 b6 16. d4 cxd4 17. Nxd4 Nxd4 18. Bxd4 Bxd4+ 19. Qxd4 e5 20. Qd2 Nb8
21. f5 f6 22. fxg6 hxg6 23. Rf1 Kg7 24. Rxf6 Kxf6 25. Qh6 Qxc4 26. Rf1+ Qxf1+
27. Bxf1 Rh8 28. Qd2 Nc6 29. h4 Kg7 30. Bc4 Nd4 31. Kg2 Rdf8 32. Bd5 Rc8 33.
Qg5 Rc2+ 34. Kh3 Rc7 35. Kg2 Rf8 36. h5 Rc2+ 37. Kh3 Rh2+ 38. Kg4 Rf6 39. h6+
Rxh6 40. Qc1 Rh7 41. Qc7+ Kh6 42. Qc1+ Kg7 43. Qc7+ 1/2-1/2

[Event "FBL 1"]
[Site "?"]
[Date "2016.10.22"]
[Round "1.1"]
[White "Dirmeier, Carolin"]
[Black "Schmidt, Jessica"]
[Result "1-0"]
[WhiteElo "2014"]
[BlackElo "2285"]
[PlyCount "39"]
[EventDate "2016.10.22"]
[EventType "team-tourn"]
[EventCountry "GER"]
[WhiteTeam "Muenchen FC Bayern"]
[BlackTeam "Karlsruher SF"]
[WhiteTeamCountry "GER"]
[BlackTeamCountry "GER"]

1. e4 d6 2. d4 Nf6 3. Nc3 g6 4. Nf3 Bg7 5. Bf4 c6 6. Qd2 b5 7. Bd3 a6 8. Bh6
O-O 9. h4 Bxh6 10. Qxh6 Ng4 11. Qf4 Ra7 12. e5 c5 13. h5 Nc6 14. e6 Bxe6 15. d5
Nce5 16. dxe6 fxe6 17. Qg3 Nxf3+ 18. gxf3 Ne5 19. hxg6 Rxf3 20. Qh4 1-0

[Event "FBL 1"]
[Site "?"]
[Date "2016.10.22"]
[Round "1.2"]
[White "Mader, Manuela"]
[Black "Vidonyak, Nellya"]
[Result "1-0"]
[WhiteElo "2172"]
[BlackElo "2123"]
[PlyCount "113"]
[EventDate "2016.10.22"]
[EventType "team-tourn"]
[EventCountry "GER"]
[WhiteTeam "Karlsruher SF"]
[BlackTeam "Muenchen FC Bayern"]
[WhiteTeamCountry "GER"]
[BlackTeamCountry "GER"]

1. e4 d6 2. d4 Nf6 3. Nc3 Nbd7 4. Nf3 c5 5. Be2 g6 6. O-O Bg7 7. e5 Nh5 8. g4
cxd4 9. Nb1 dxe5 10. gxh5 gxh5 11. Kh1 b6 12. Ng5 h6 13. Bf3 Ba6 14. Ne4 Bxf1
15. Qxf1 Rc8 16. Na3 Kf8 17. Qh3 Nc5 18. Bd2 e6 19. Rg1 f5 20. Qg2 Qe7 21. Nxc5
bxc5 22. Nc4 h4 23. b3 h3 24. Qxh3 h5 25. Rg6 e4 26. Bxh5 e3 27. fxe3 dxe3 28.
Bxe3 Rd8 29. Qf3 Rd5 30. Bf4 Qd7 31. Bd6+ Rxd6 32. Nxd6 Kg8 33. Nc4 Qd5 34. Rg5
Qd8 35. Bf7+ Kxf7 36. Qb7+ Ke8 37. Qxg7 Qd5+ 38. Rg2 Qd1+ 39. Rg1 Qf3+ 40. Qg2
Qh5 41. Qg6+ Qxg6 42. Rxg6 Kd7 43. Rg7+ Kc6 44. Rxa7 Kd5 45. Rd7+ Ke4 46. Kg2
f4 47. Rd3 Rg8+ 48. Kf2 Rf8 49. a4 Kf5 50. a5 Ra8 51. Rh3 Ke4 52. Rh5 Kd4 53.
h4 Ra6 54. Kf3 Kc3 55. Rxc5 Kxc2 56. b4 e5 57. b5 1-0

[Event "FBL 1"]
[Site "?"]
[Date "2016.10.22"]
[Round "1.3"]
[White "Ankerst, Milka"]
[Black "Kiefhaber, Veronika"]
[Result "1-0"]
[WhiteElo "2052"]
[BlackElo "2192"]
[PlyCount "117"]
[EventDate "2016.10.22"]
[EventType "team-tourn"]
[EventCountry "GER"]
[WhiteTeam "Muenchen FC Bayern"]
[BlackTeam "Karlsruher SF"]
[WhiteTeamCountry "GER"]
[BlackTeamCountry "GER"]

1. e4 g6 2. d4 Bg7 3. Nf3 Nf6 4. Nc3 d5 5. exd5 Nxd5 6. Bc4 c6 7. h3 O-O 8. O-O
Nb6 9. Bb3 N8d7 10. Be3 Nf6 11. Qd2 Nbd5 12. Nxd5 cxd5 13. Bh6 Bf5 14. Rfe1 Rc8
15. Bxg7 Kxg7 16. c3 Qd6 17. Qe3 Rc7 18. Re2 Rd8 19. Nh4 Bc8 20. Rae1 b5 21. a3
a5 22. Nf3 Ba6 23. Rc2 e6 24. Ne5 Rb8 25. Nd3 b4 26. cxb4 Rxc2 27. Bxc2 Bxd3
28. Bxd3 axb4 29. a4 b3 30. Rc1 Qb4 31. Bb5 Ne4 32. f3 Nf6 33. Qc3 Rxb5 34.
axb5 Qxb5 35. Kf2 Nh5 36. Qe3 Qb4 37. Rc3 h6 38. Rxb3 Qa4 39. g4 Nf6 40. h4 Qa1
41. g5 hxg5 42. hxg5 Nd7 43. Rb7 Qa4 44. Qd2 Qc6 45. Rb3 Nb6 46. Rc3 Qd6 47. b3
Qh2+ 48. Ke1 Qg1+ 49. Ke2 Nd7 50. Qe3 Qh2+ 51. Kd3 Qb2 52. Qg1 e5 53. Qe1 Qg2
54. Qe3 Qf1+ 55. Kc2 Qg2+ 56. Qd2 Qg1 57. Rc7 Nb6 58. dxe5 Qa1 59. Qc3 1-0

[Event "FBL 1"]
[Site "?"]
[Date "2016.10.22"]
[Round "1.4"]
[White "Wiesner, Paula"]
[Black "Niedermaier, Barbara"]
[Result "1-0"]
[WhiteElo "2116"]
[BlackElo "1946"]
[PlyCount "61"]
[EventDate "2016.10.22"]
[EventType "team-tourn"]
[EventCountry "GER"]
[WhiteTeam "Karlsruher SF"]
[BlackTeam "Muenchen FC Bayern"]
[WhiteTeamCountry "GER"]
[BlackTeamCountry "GER"]

1. d4 d5 2. c4 e6 3. Nc3 c5 4. cxd5 exd5 5. Nf3 Nc6 6. g3 Nf6 7. Bg2 Be7 8. O-O
O-O 9. Bg5 Ne4 10. Bxe7 Nxe7 11. dxc5 Nxc5 12. Rc1 Ne4 13. Qb3 Be6 14. Qxb7 Rb8
15. Qxa7 Rxb2 16. Nd4 Nc8 17. Qa3 Rd2 18. Ncb5 Qf6 19. Nf3 Rb2 20. Nbd4 Rb7 21.
Nc6 Ncd6 22. Nfd4 Bd7 23. Qf3 Qh6 24. Rfd1 Bh3 25. a4 Bxg2 26. Kxg2 f5 27. Qf4
g5 28. Qe5 g4 29. Ne7+ Rxe7 30. Qxe7 Nxf2 31. Qe6+ 1-0

[Event "FBL 1"]
[Site "?"]
[Date "2016.10.22"]
[Round "1.5"]
[White "Spiel, Marianne"]
[Black "Brendel, Bergit"]
[Result "0-1"]
[WhiteElo "1939"]
[BlackElo "2089"]
[PlyCount "114"]
[EventDate "2016.10.22"]
[EventType "team-tourn"]
[EventCountry "GER"]
[WhiteTeam "Muenchen FC Bayern"]
[BlackTeam "Karlsruher SF"]
[WhiteTeamCountry "GER"]
[BlackTeamCountry "GER"]

1. e4 Nf6 2. e5 Nd5 3. d4 d6 4. Nf3 dxe5 5. Nxe5 c6 6. c4 Nf6 7. Be2 Nbd7 8.
Nxd7 Bxd7 9. Nc3 e6 10. Be3 Bd6 11. h3 Qc7 12. O-O O-O 13. Rc1 Rfe8 14. Bd3 Bf4
15. Qf3 Bxe3 16. fxe3 Rf8 17. Ne4 Nxe4 18. Qxe4 f5 19. Qh4 c5 20. d5 Rae8 21.
e4 Qe5 22. Rc3 Qd4+ 23. Kh1 exd5 24. cxd5 b5 25. Bc2 fxe4 26. Rxf8+ Rxf8 27.
Qxe4 Bf5 28. Qxd4 cxd4 29. Rc7 Bxc2 30. Rxc2 Rd8 31. Kg1 Rxd5 32. Kf1 Rd7 33.
Ke1 Kf7 34. Kd2 Ke6 35. Rc5 a6 36. Rc6+ Rd6 37. Rc7 Kf6 38. Kd3 h6 39. a4 bxa4
40. Rc4 Rb6 41. Rxa4 Rxb2 42. Rxa6+ Kg5 43. Kxd4 Rxg2 44. Ra3 Kh4 45. Ke4 Rg3
46. Ra7 Kxh3 47. Kf4 g5+ 48. Kf5 h5 49. Ra2 h4 50. Rb2 g4 51. Kg5 Ra3 52. Rb4
Ra5+ 53. Kf4 g3 54. Rb3 Kh2 55. Kf3 g2 56. Rb2 Ra3+ 57. Kg4 h3 0-1